| 000 | 00510nam a22001457a 4500 | ||
|---|---|---|---|
| 082 | _aP-570 | ||
| 100 |
_aMuhammad Umair Muddassir _948299 |
||
| 245 |
_aDevelopment of web based application for user friendly access, analysis and sharing of pavement data base created on GIS _cMuhammad Umair Muddassir, Muhammad Zark. |
||
| 260 |
_aRisalpur: _bMCER: _c18 Jul 2014. |
||
| 300 | _ap 119: | ||
| 526 |
_a0 _b0 _c0 _dP_570 |
||
| 650 | _aProject: | ||
| 700 |
_aNadeem Anwer Qureshi Maj Dr. _948351 |
||
| 942 |
_2ddc _cBK |
||
| 999 |
_c551326 _d551326 |
||